| 000 | 02950nam a22003857a 4500 | ||
|---|---|---|---|
| 005 | 20100430142416.0 | ||
| 008 | 090515t xxu||||| |||| 00| 0 eng d | ||
| 010 | _aB-422118-130 | ||
| 020 |
_c199.00 _a9788183860857 |
||
| 035 | _aB-422118-130 | ||
| 037 | _bUBH | ||
| 040 |
_adpl _bEnglish |
||
| 082 | _a954 | ||
| 100 |
_aMurad Ali Baig _926411 |
||
| 245 |
_a80 questions to understand India: _cby Murad Ali Baid; foreworded by Khushwant Singh _bhistory, mythology and religion / |
||
| 246 | _aEighty questions to understand India | ||
| 260 |
_aNew Delhi _bTara Press _c2009 |
||
| 270 |
_aFlat No. 6, Khan Market _bNew Delhi _e110003 |
||
| 300 |
_axxvi, 224p. _c22cm(pbk) |
||
| 942 |
_2ddc _cEN _mMUR _h954 |
||
| 999 |
_c35552 _d35552 |
||